[Event "Gibraltar Masters"]
[Site "Caleta ENG"]
[Date "2011.01.31"]
[Round "7.108"]
[White "Kympergr, Vojtech"]
[Black "Lochte, Szilvia"]
[Result "1/2-1/2"]
[WhiteElo "1631"]
[BlackElo "2015"]
[WhiteFideId "326887"]
[BlackFideId "708410"]
[EventDate "2011.01.25"]
[EventType "swiss"]

1. e4 e6 2. d4 d5 3. e5 c5 4. c3 Nc6 5. Nf3 Bd7 6. Be3 cxd4 7. cxd4 f6 8. a3 Qc7
9. Bf4 Qb6 10. Qd2 Na5 11. Ra2 Bb5 12. Bxb5+ Qxb5 13. Nc3 Qc4 14. Qe2 Qxe2+ 15.
Nxe2 Nc4 16. O-O fxe5 17. Nxe5 Nxe5 18. Bxe5 Nf6 19. b4 Rc8 20. Rc1 Rxc1+ 21.
Nxc1 Be7 22. Rc2 Bd8 23. f3 O-O 24. Nd3 Nd7 25. Bd6 Re8 26. Nc5 Nxc5 27. bxc5
Bf6 28. Rd2 Rc8 29. Kf2 Kf7 30. Rd3 Rc6 31. Kg3 b6 32. f4 bxc5 33. Bxc5 1/2-1/2